The imagination of disaster ; evil in the fiction of Henry James /

Bibliographic Details
Main Author: Ward, J. A. (Joseph Anthony), 1931-
Format: Thesis Book
Language:English
Published: Lincoln : University of Nebraska Press, 1961.
Subjects:

MARC

Tag First Indicator Second Indicator Subfields
LEADER 00000cam a2200000 4500
001 in00000702829
005 20151016053800.0
008 720411s1961 nbu b 001 0 eng u
010 |a  61006232  
035 |a (OCoLC)00281000 
035 |9 ADC1967AM 
040 |c WSU  |d TXA  |d UtOrBLW 
049 |a TXAM  |c [331198] 
050 0 |a PS2127.E9  |b W3 1961 
092 |a 813  |b J27Ywa 
100 1 |a Ward, J. A.  |q (Joseph Anthony),  |d 1931- 
245 1 4 |a The imagination of disaster ;  |b evil in the fiction of Henry James /  |c by J.A. Ward. 
264 1 |a Lincoln :  |b University of Nebraska Press,  |c 1961. 
300 |a xi, 185 pages ;  |c 24 cm. 
336 |a text  |b txt  |2 rdacontent 
337 |a unmediated  |b n  |2 rdamedia 
338 |a volume  |b nc  |2 rdacarrier 
502 |a Revised version of the author's thesis, Tulane University. 
504 |a Includes bibliographical references (pages 172-181) and index. 
600 1 0 |a James, Henry,  |d 1843-1916. 
650 0 |a Evil in literature. 
999 |a MARS 
999 f f |s 4c329ba6-7899-3215-8c2c-e44306cb5d35  |i 1ac47d34-539b-3291-b687-c6a80712bad8  |t 0 
952 f f |p normal  |a Texas A&M University  |b College Station  |c Sterling C. Evans Library  |d Evans: Library Stacks  |t 0  |e PS2127.E9 W3 1961  |h Library of Congress classification  |i unmediated -- volume  |m A14801241656 
998 f f |a PS2127.E9 W3 1961  |t 0  |l Evans: Library Stacks